Central Library OPAC University of Rajshahi

The finance and analysis of capital projects / (Record no. 16214)

MARC details
000 -LEADER
fixed length control field 00791nam a2200253 a 4500
001 - CONTROL NUMBER
control field 16214
003 - CONTROL NUMBER IDENTIFIER
rucl marc code BD-RjUL
005 - DATE AND TIME OF LATEST TRANSACTION
control field 20211208235958.0
008 - FIXED-LENGTH DATA ELEMENTS--GENERAL INFORMATION
fixed length control field 140211s1963 nyua b 001 0 eng d
035 ## - SYSTEM CONTROL NUMBER
System control number (BD-RjUL)16269
040 ## - CATALOGING SOURCE
Original cataloging agency LC
Language of cataloging eng
Transcribing agency LC
Modifying agency ABN:1
-- BD-RjUL
041 ## - LANGUAGE CODE
Language code of text/sound track or separate title eng
082 04 - DEWEY DECIMAL CLASSIFICATION NUMBER
Classification number 658.152
Author mark and year MEF 1963
100 1# - MAIN ENTRY--PERSONAL NAME
Personal name Merrett, A. J.
9 (RLIN) 50158
245 14 - TITLE STATEMENT
Title The finance and analysis of capital projects /
Statement of responsibility, etc. by A. J. Merrett and Allen Sykes.
260 ## - PUBLICATION, DISTRIBUTION, ETC. (IMPRINT)
Place of publication, distribution, etc. New York :
Name of publisher, distributor, etc. Wiley,
Date of publication, distribution, etc. c1963, [impression 1966]
300 ## - PHYSICAL DESCRIPTION
Pagination xx, 544 p. :
Illustrations ill.;
Size 22 cm.
500 ## - GENERAL NOTE
General note "A Halsted Press book."
504 ## - BIBLIOGRAPHY, ETC. NOTE
Bibliography, etc Includes bibliographical references and indexes.
650 #0 - SUBJECT ADDED ENTRY--TOPICAL TERM
Topical term or geographic name as entry element Capital investments.
9 (RLIN) 50159
700 1# - ADDED ENTRY--PERSONAL NAME
Personal name Sykes, Allen,
942 ## - ADDED ENTRY ELEMENTS (KOHA)
Source of classification or shelving scheme Dewey Decimal Classification
Koha item type Books
Holdings
Lost status Source of classification or shelving scheme Damaged status Not for loan Collection code Permanent Location Current Location Shelving location Date acquired Source of acquisition Cost, normal purchase price Total Checkouts Full call number Date last seen Copy number Koha item type
  Dewey Decimal Classification   Not For Loan Non-fiction Central Library, University of Rajshahi Central Library, University of Rajshahi Reading Room 30/10/1965 Zeitlinger 45.00   658.152 MEF 1963 11/02/2014 C-1 Books
  Dewey Decimal Classification     Non-fiction Central Library, University of Rajshahi Central Library, University of Rajshahi   30/10/1965 Zeitlinger 45.00   658.152 MEF 1963 29/10/2016 C-2 Books
  Dewey Decimal Classification     Non-fiction Central Library, University of Rajshahi Central Library, University of Rajshahi   03/12/1968 Zeitlinger 50.00   658.152 MEF 1966 16/05/2019 C-3 Books
  Dewey Decimal Classification     Non-fiction Central Library, University of Rajshahi Central Library, University of Rajshahi   03/12/1968 Zeitlinger 50.00   658.152 MEF 1966 16/05/2019 C-4 Books
  Dewey Decimal Classification     Non-fiction Central Library, University of Rajshahi Central Library, University of Rajshahi   25/05/1968 Zeitlinger 50.00   658.152 MEF 1966 16/05/2019 C-5 Books
  Dewey Decimal Classification     Non-fiction Central Library, University of Rajshahi Central Library, University of Rajshahi   30/10/1965 Zeitlinger 45.00   658.152 MEF 1963 16/05/2019 C-6 Books
  Dewey Decimal Classification     Non-fiction Central Library, University of Rajshahi Central Library, University of Rajshahi   05/05/1968 Zeitlinger 50.00   658.152 MEF 1966 16/05/2019 C-7 Books
  Dewey Decimal Classification     Non-fiction Central Library, University of Rajshahi Central Library, University of Rajshahi   05/05/1968 Zeitlinger 50.00   658.152 MEF 1966 16/05/2019 C-8 Books